000 00714nam a2200241 i 4500
001 50394
003 ES-MaACL
005 20250911062640.0
007 t|
008 030804s1959 sp ||||1| spa d
100 1 _aCrusat, Paulina.
_941773
245 1 0 _aHistoria de un viaje /
_cPaulina Crusat.
250 _a[1ª ed.].
260 _aBarcelona :
_bDestino,
_c1959 (
_fClarasó)
300 _a2 v. ;
_c19 cm.
490 1 _aAncora y delfín
505 8 _aContiene: V. I: Aprendiz de persona. -- V. II: Las ocas blancas
740 0 _aAprendiz de persona.
740 4 _aLas ocas blancas.
830 0 0 _aÁncora y Delfín
_9151298
852 _aES-MaACL
_jC-16169-70
_bR.38712, 44161
999 _c50394
_d50394